000 01209nam a2200241Ia 4500
003 Ost
005 20260507075353.0
008 260507s9999||||xx |||||||||||||| ||und||
020 _a31088099579
040 _cfsecg
041 _aara
082 _a330
100 _aبن صالح، حمدي بن محمد
_eمؤلف
245 0 _aتوازن الموازنة العامة :
_bدراسة مقارنة بين الإقتصاد الإسلامي والوضعي /
_c حمدي بن محمد بن صالح
260 _aعمان:
_bدار النفائس للنشر والتوزيع,
_c2013
300 _a400 صفحة؛
_bإيضاحات ؛
_c25 سم
504 _aالمراجع ص.375
520 _aمفهوم الموازنة العامة ونشأتها وتطورها- التنظيم المالي في الفكر الوضعي والإسلامي- العجز المالي أسبابه وعلاجه في الفكر المالي الوضعي والإسلامي- التوازن ومفهومه في الفكر المالي الوضعي والإسلامي
653 _aالإقتصاد الإسلامي
653 _aالمالية العامة
653 _aالميزانية العامة
942 _cكتاب
999 _c44173
_d44173